LEADER 01065nam0 2200289 450 001 000038296 005 20140904134041.0 010 $a0-19-281721-3 100 $a20140903d1986----km-y0itaa50------ba 101 0 $aeng 102 $aGB 200 1 $a<> Well-Beloved$fThomas Hardy$gedited with an Introduction by Tom Heterington 210 $aOxford ; New York$cOxford University Press$d1986 215 $aXLII, 274 p., [3] p. di tav.$cill.$d19 cm 225 2 $a<> World's classics 410 0$12001$a<> World's classics 676 $a823.8$v(22. ed.)$9Narrativa inglese. Periodo vittoriano, 1837-1899 700 1$aHardy,$bThomas$0142510 702 1$aHetherington,$bTom 801 0$aIT$bUniversità della Basilicata - B.I.A.$gREICAT$2unimarc 912 $a000038296 996 $aWell-Beloved$999903 997 $aUNIBAS BAS $aLETTERE CAT $aEXT016$b01$c20140904$lBAS01$h1340 FMT Z30 -1$lBAS01$LBAS01$mBOOK$1BASA1$APolo Storico-Umanistico$2DSLF$BCollezione DiSLF$3DF/E1392$63206$5F3206$820140904$f04$FPrestabile Didattica LEADER 01413nam0 22003011i 450 001 UON00079850 005 20231205102425.43 100 $a20020107d1979 |0itac50 ba 101 $aeng 102 $aJP 105 $a|||| ||||| 200 1 $aAfrica 1$f[Shohei Wada editor] 210 $aOsaka$cNational Museum of Ethnology$dc1979 215 $avi, 212 p.$cill.$d26 cm 311 $aPer 1268 1978 (01)$9UON00020307 316 $aData e prezzo inesatti$5IT-UONSI AFRGEN/0310/001 bis 461 0$1001UON00020307$12001 $aSenri Ethnological Studies$1207 $aNo. 1 (1978)- $1210 $aOsaka$cNational Museum of Ethnology$dc1979- $1215 $av.$d26 cm$1300 $aIrregolare. - Comprende titoli monografici.$v01 (1978) Per 1268 1978 (01) 606 $aEtnologia$xAfrica$3UONC018735$2FI 620 $aJP$dO?saka$3UONL000294 676 $a305.896$cPopoli africani$v21 702 0$aWADA Shohei$3UONV052446 712 $aNational Museum of Ethnology$3UONV253682$4650 801 $aIT$bSOL$c20250627$gRICA 912 $aUON00079850 950 $aSIBA - SISTEMA BIBLIOTECARIO DI ATENEO$dSI GEN 0310/001 $eSI AA 4380 5 0310/001 950 $aSIBA - SISTEMA BIBLIOTECARIO DI ATENEO$dSI GEN 0310/001 bis $eSI AA 4524 5 0310/001 bis Data e prezzo inesatti 996 $aAfrica 1$9856041 997 $aUNIOR